Nutričný problém fastfoodov bakalárska práca

Guardado en:
Detalles Bibliográficos
Autor principal: Slezáková, Marcela
Autor Corporativo: Fakulta hospodárskej informatiky EU. Katedra operačného výskumu a ekonometrie
Otros Autores: Hajšel, Andrej
Formato: Libro
Lenguaje:eslovaco
Publicado: Bratislava 2010
Etiquetas: Agregar Etiqueta
Sin Etiquetas, Sea el primero en etiquetar este registro!

MARC

LEADER 00000nbm a2200000 4500
001 0136215
005 20160428114441.2
041 0 |a slo 
044 |a SK 
245 1 0 |a Nutričný problém fastfoodov  |b bakalárska práca  |c Marcela Slezáková ; školiteľ: Andrej Hajšel 
264 1 |a Bratislava  |c 2010 
300 |a 39 s. 
100 1 |a Slezáková, Marcela 
700 1 |a Hajšel, Andrej 
710 2 |a Fakulta hospodárskej informatiky EU. Katedra operačného výskumu a ekonometrie